| 000 | 01297mam a2200385 a 4500 | ||
|---|---|---|---|
| 001 | 1790764 | ||
| 003 | OSt | ||
| 005 | 20170105101214.0 | ||
| 008 | 850912s1986 caua bs s001 0 eng | ||
| 010 | _a 85022282 //r88 | ||
| 020 |
_a0520057090 : _c$32.50 |
||
| 020 | _a0520058194 (pbk.) | ||
| 035 | _a(OCoLC)ocm12664370 | ||
| 035 | _a(NNC)1790764 | ||
| 040 |
_aDLC _cDLC |
||
| 041 | 1 | _aengdut | |
| 050 | 0 |
_aHC59 _b.W38513 1986 |
|
| 082 | 0 | 0 |
_a330.9/04 _219 |
| 100 | 1 | _aWee, Herman van der. | |
| 240 | 1 | 0 |
_aGebroken welvaartscirkel. _lEnglish |
| 245 | 1 | 0 |
_aProsperity and upheaval : _bthe world economy, 1945-1980 / _cHerman van der Wee ; translated by Robin Hogg and Max R. Hall. |
| 260 |
_aBerkeley : _bUniversity of California Press, _cc1986. |
||
| 300 |
_a621 p. : _bill. ; _c23 cm. |
||
| 490 | 1 |
_aHistory of the world economy in the twentieth century ; _vv. 6 |
|
| 500 | _aTranslation of: De gebroken welvaartscirkel. | ||
| 500 | _aSpine title: Prosperity & upheaval. | ||
| 500 | _aSeries from jacket. | ||
| 500 | _aIncludes index. | ||
| 504 | _aBibliography: p. [567]-607. | ||
| 650 | 0 |
_aEconomic history _y1945- |
|
| 740 | 0 | 1 | _aProsperity & upheaval. |
| 830 | 0 |
_aHistory of the world economy in the twentieth century ; _vv. 6. |
|
| 942 |
_2ddc _cBK |
||
| 999 |
_c3349 _d3349 |
||